000
00280nam a22001337a 4500
008
181024b xxu||||| |||| 00| 0 eng d
020
_a
9780077727956
041
_a
eng
080
_a
541
100
_a
12
101
_a
KIM
245
_a
Chemistry
_c
Silerberg.l
942
_2
udc
_c
BK
999
_c
50776
_d
50776